000 00501nam a2200181Ia 4500
001 20478
005 20260306172809.0
008 260306t2021||||xx |||||||||||||| ||spa||
041 _aESP
082 _a343.3
_bD84
100 _aDivisión de Estudios Jurídicos de Gaceta Jurídica
_eAUT
245 0 _aLos derechos sociales fundamentales en la jurisprudencia constitucional
260 _c2021
300 _a382 páginas :
_c25 cm.
650 _aGEN
654 _aCDE
942 _cLIB
_dJUS
_fJUS
_2ddc
_n
999 _c20478
_d20478